مطا لعہ حا لی (Record no. 171040)

MARC details
000 -LEADER
fixed length control field 00623nam a22001937a 4500
005 - DATE AND TIME OF LATEST TRANSACTION
control field 20200103152037.0
010 ## - LCCN (DPL NO)
LC control number A-26132
020 ## - INTERNATIONAL STANDARD BOOK NUMBER
Terms of availability 6.00
International Standard Book Number -
035 ## - SYSTEM CONTROL NUMBER
System control number A-26132
037 ## - SOURCE OF ACQUISITION
Source of stock number/acquisition BPPD
082 ## - DEWEY DECIMAL CLASSIFICATION NUMBER
Classification number 841.08
100 ## - MAIN ENTRY--PERSONAL NAME
Personal name کنو ل کر شن با لی
245 ## - TITLE STATEMENT
Title مطا لعہ حا لی
Statement of responsibility, etc کنو ل کر شن با لی
246 ## - VARYING FORM OF TITLE
Title proper/short title Mutalah Hali (Urdu)
Remainder of title by Kanwal Krishan Hali
260 ## - PUBLICATION, DISTRIBUTION, ETC. (IMPRINT)
Place of publication, distribution, etc Lucknow
Date of publication, distribution, etc 1980 ء
Name of publisher, distributor, etc Urdu Publishers
270 ## - ADDRESS
City Nazirabad
Telephone number -
Postal code -
Address Nazirabad ,Lucknow
300 ## - PHYSICAL DESCRIPTION
Extent 104 ص
Dimensions 22 cm(hb)
942 ## - ADDED ENTRY ELEMENTS (KOHA)
Source of classification or shelving scheme Dewey Decimal Classification
Item type Urdu Bks
Classification part 841.08
Call number suffix ح ا ل
Holdings
Withdrawn status Lost status Not for loan Collection code Home library Current library Date acquired Source of acquisition Cost, normal purchase price Full call number Barcode Copy number Cost, replacement price Koha item type
      Non-fiction Central Library Central Library 03/01/2020 BPPD/Ven. 6.00 841.08 ح ا ل A-26132 1 6.00 Urdu Bks

© Delhi Public Library
Hit Counter
free hit counter